00657nam a2200205 a 4500008004100000020001500041050001500056100002200071245009700093246004200190250001200232260003200244300001400276350000900290500005500299650001000354650002800364700002400392700003500416111025s1994 ||||||||||||||||| || u a0079110460 aRC 667 Hea aSchlant, Robert C14aThe heart: arteries and veins. -- 8th ed.ceditors, Robert C. Schlant and R. Wayne Alexander aHurst's the heart: arteries and veins a8th ed. aNew YorkbMcGraw-Hillc1994 a2v.: ill. a0.00 aCover title: Hurst's the heart: arteries and veins aHEART aCARDIOVASCULAR DISEASES aAlexander, R. Wayne aHurst, J. Willis (John Willis)